Представление документа в формате RUSMARC

ПолеНазваниеЗначение
  Тип записи a
  Библиографический уровень a
001 Контрольный номер RU/CBS_Ul/BASE/479299069
005 Дата корректировки 20240209175104.4
100 Данные общей обработки __
a Данные общей обработки 20150310d2015 ||| 0rusy0189 ca
101 Язык документа 0_
a Язык текста rus
102 Страна публикации __
a Страна публикации RU
105 Кодированные данные (монография) __
a Кодированные данные (монография) y###||||000|y
200 Заглавие и сведения об ответственности 1_
a Заглавие Сказочник
b Общее обозначение материала Текст
e Сведения, относящиеся к заглавию [о знаменитом волжском сказителе А. К. Новопольцеве]
300 Общие примечания __
a Общие примечания Ограничения по возрасту - 12+
461 Уровень набора _0
1 2000
a Мономах
463 Уровень физической единицы _0
1 001RU/CBS_Ul/BASE/478774955
1 2000
a № 1
v С. 40
1 210
d 2015
600 Персоналии _0
a Персоналии (Фамилия) Новопольцев
b Персоналии (Имя, инициалы) А. К.
606 Тематические рубрики 0_
a Основная рубрика Новопольцев, Абрам Кузьмич (1820-1885)
y Географическая подрубрика Старомайнский район (Ульяновская область)
610 Ключевые слова 0_
a Ключевые слова литературоведение
610 Ключевые слова 0_
a Ключевые слова литературная карта
610 Ключевые слова 0_
a Ключевые слова русские сказки
610 Ключевые слова 0_
a Ключевые слова литературные места
a Ключевые слова сказочники
610 Ключевые слова 0_
a Ключевые слова сказители
686 Индексы других классификаций __
a Классификационный индекс 83.3(2Рос=Рус)1
2 Код системы ББК
801 Источник записи _0
a Страна RU
b Организация МБУК ЦБС г. Ульяновска
c Дата составления 20150310
g Правила каталогизации RCR
801 Источник записи _1
a Страна RU
b Организация МБУК ЦБС г. Ульяновска
c Дата составления 20150310
g Правила каталогизации RCR
900 Электронные ресурсы __
a Имя электронного ресурса Сказочник
901 Тип документа __
t Тип документа b
w Контрольный № источника RU/CBS_Ul/BASE/478774955
910 Корректоры записи __
a Корректор записи Нецеевский
938 Служебная информация __
a Имя БД kraeved